Statistics for Guess That Logo!

Click here to take the quiz!

General Stats

  • This quiz has been taken 63 times
  • The average score is 9 of 20

Answer Stats

Answer% Correct
Chips Ahoy!
94%
Pizza Hut
92%
Walmart
88%
Dunkin'
86%
Hershey's
80%
Heineken
74%
Cheetos
62%
Mars
58%
Kraft
48%
Unilever
40%
Five Guys
38%
Smuckers
36%
Tootsie Pops
30%
Del Monte
20%
Oculus
18%
Stop&Shop
14%
Nabisco
10%
Nissin
6%
Pepsi-Cola
4%
Good Humor
2%

Score Distribution

Percentile by Number Answered

Percent of People with Each Score

Your Score History

You have not taken this quiz